000 00704nam a2200217Ii 4500
003 JO-AjNU
008 230605s9999||||xx |||||||||||||| ||und||
040 _aJO-AjNU
_bara
_erda
_cJO-AjNU
041 _aara
050 1 4 _aBL1685.S37.2004
100 3 _aالسقاف،أبكار,
_eauthor
_915158
245 0 0 _aالدين في شبه الجزيرة العربية
250 _aط1
264 3 1 _aبيروت:دار الانتشار العربي ،2004
300 _a422ص
336 _atext
_btxt
_2rdacontent
337 _aunmediated
_bn
_2rdamedia
338 _avolume
_bnc
_2rdacarrier
490 0 _aنحو آفاق اوسع 4
650 4 _aالديانات-شبه الجزيرة العربية
_915159
999 _aA4215
_c7783
_d7783